Fr. Conceicao Rodrigues College of Engineering

Course in Phonetics and spoken english (Record no. 23913)

MARC details
000 -LEADER
fixed length control field 00385nam a2200169Ia 4500
082 ## - DEWEY DECIMAL CLASSIFICATION NUMBER
Classification number 372.6
Item number DHA
100 ## - MAIN ENTRY--PERSONAL NAME
Personal name Sethi/J/ Dhamija/P/.V
250 ## - EDITION STATEMENT
Edition statement 2
245 ## - TITLE STATEMENT
Title Course in Phonetics and spoken english
260 ## - PUBLICATION, DISTRIBUTION, ETC.
Name of publisher, distributor, etc. Prentice -Hall of India
366 ## - TRADE AVAILABILITY INFORMATION
Publishers's discount category 25
300 ## - PHYSICAL DESCRIPTION
Extent 221
546 ## - LANGUAGE NOTE
Language note ENGLISH
-- production
650 ## - SUBJECT ADDED ENTRY--TOPICAL TERM
Topical term or geographic name entry element Spoken english
654 ## - SUBJECT ADDED ENTRY--FACETED TOPICAL TERMS
Focus term phonetics
942 ## - ADDED ENTRY ELEMENTS (KOHA)
Koha item type BOOK
Holdings
Withdrawn status Lost status Damaged status Not for loan Collection Home library Current library Date acquired Source of acquisition Cost, normal purchase price Inventory number Total Checkouts Full call number Barcode Date last seen Cost, replacement price Price effective from Koha item type
        CRC Fr. Agnel's C.Rodrigues College of Engineering Fr. Agnel's C.Rodrigues College of Engineering 17/03/2023 Allied Publishers 93.75 355 dt 30/04/2010   372.6 DHA 20686 17/03/2023 125.00   BOOK